000 00542nam a2200193 i 4500
001 15035
003 ES-MaACL
005 20231222205016.0
007 t|
008 991202s1999 sp ||||1| spa d
020 _a84-339-1093-0
080 _a821.134.2-23"19"
100 1 _aMartín Gaite, Carmen,
_d1925-2000
_977496
245 1 3 _aLa hermana pequeña /
_cCarmen Martín Gaite.
260 _aBarcelona :
_bAnagrama,
_c[1999]
300 _a410 p. ;
_c22 cm.
852 _aES-MaACL
_jL-22246
_bR.127427
999 _c15035
_d15035